[Event "GER H-2181-D email"]
[Site "GER email"]
[Date "2012.??.??"]
[Round "?"]
[White "Pitann, Dieter"]
[Black "Schroeder, Ingo"]
[Result "0-1"]
[WhiteElo "1640"]
[BlackElo "1718"]
[PlyCount "78"]
[EventDate "2012.??.??"]
[EventType "tourn (corr)"]
[EventRounds "6"]
[EventCountry "GER"]
[SourceTitle "Corr 2015"]
[Source "ChessBase"]
[SourceDate "2015.07.17"]
[SourceVersion "1"]
[SourceVersionDate "2015.07.17"]
[SourceQuality "1"]

1. d4 Nf6 2. c4 e6 3. Nc3 Bb4 4. Qc2 c5 5. dxc5 0-0 6. Nf3 Na6 7. e3 Nxc5 8. Bd2 b6 9. Be2 Bb7 10. 0-0 Nce4 11. Nxe4 Bxe4 12. Qc1 Be7 13. Bc3 Bb7 14. b3 Ne4 15. Bb2 f5 16. Nd4 Bd6 17. Nf3 Rc8 18. Rd1 Qe7 19. a4 f4 20. exf4 Bxf4 21. Qc2 Ng5 22. Nxg5 Qxg5 23. g3 Be3 24. Rf1 Bc5 25. Rad1 Rf7 26. Bd4 Bxd4 27. Rxd4 Qc5 28. Rd2 Rcf8 29. Bd1 Qc6 30. f3 Rxf3 31. Bxf3 Rxf3 32. Rxf3 Qxf3 33. Rg2 Qxg2+ 34. Qxg2 Bxg2 35. Kxg2 Kf7 36. Kf3 a5 37. Kf4 Ke7 38. Ke4 Kd6 39. Kd4 Kc6 0-1